[Event "ESP-ch U14 Rapid"]
[Site "Salobrena"]
[Date "2022.07.24"]
[Round "9"]
[White "Muntal Corrales, Arnau"]
[Black "Gaspar Lopez, Daniel"]
[Result "1-0"]
[WhiteElo "1483"]
[BlackElo "1372"]
[PlyCount "139"]
[EventDate "2022.07.23"]
[EventType "swiss (rapid)"]
[EventRounds "9"]
[EventCountry "ESP"]
[SourceTitle "EXT 2023"]
[Source "ChessBase"]
[SourceDate "2022.10.05"]
[SourceVersion "1"]
[SourceVersionDate "2022.10.05"]
[SourceQuality "1"]

1. d4 d5 2. c4 e6 3. Nc3 Nf6 4. cxd5 exd5 5. Bg5 c6 6. Qc2 Be7 7. e3 Nbd7 8. Bd3 h6 9. Bh4 Nh5 10. Bxe7 Qxe7 11. Nge2 Nb6 12. h3 Be6 13. g4 Nf6 14. Ng3 g6 15. 0-0-0 0-0-0 16. Rhe1 Qd7 17. f3 Qc7 18. Nf1 Ne8 19. Kb1 h5 20. Rc1 hxg4 21. hxg4 Kb8 22. a4 Nd6 23. b3 f5 24. Nb5 Nxb5 25. axb5 Rc8 26. gxf5 Bxf5 27. bxc6 Qxc6 28. Bxf5 gxf5 29. Qxf5 Qb5 30. Ka2 a6 31. Nd2 Rxc1 32. Rxc1 Ka7 33. Qe5 Qa5+ 34. Kb2 Rf8 35. Qd6 Rh8 36. Rc3 Rh3 37. Qc5 Qxc5 38. Rxc5 Rh2 39. Kc3 Re2 40. Kd3 Re1 41. e4 dxe4+ 42. fxe4 Nd7 43. Rf5 Kb6 44. e5 Rh1 45. e6 Nb8 46. e7 Rh3+ 47. Nf3 Rh8 48. Rf8 Nc6 49. Rxh8 Nxe7 50. Ne5 Nd5 51. Nc4+ Kb5 52. Rh5 Kc6 53. Na5+ Kd6 54. Rh6+ Kc7 55. Rh7+ Kb6 56. Nxb7 Nc7 57. Rxc7 Kxc7 58. Nc5 Kb6 59. Kc4 a5 60. d5 a4 61. Nxa4+ Kc7 62. Kc5 Kb7 63. d6 Ka6 64. Kc6 Ka5 65. b4+ Ka6 66. Kc7 Ka7 67. b5 Ka8 68. d7 Ka7 69. Nb2 Ka8 70. d8Q+ 1-0

[Event "ESP-ch U14 Rapid"]
[Site "Salobrena"]
[Date "2022.07.24"]
[Round "7"]
[White "Muntal Corrales, Arnau"]
[Black "Martino Girones, Gonzalo"]
[Result "0-1"]
[WhiteElo "1483"]
[BlackElo "1288"]
[PlyCount "124"]
[EventDate "2022.07.23"]
[EventType "swiss (rapid)"]
[EventRounds "9"]
[EventCountry "ESP"]
[SourceTitle "EXT 2023"]
[Source "ChessBase"]
[SourceDate "2022.10.05"]
[SourceVersion "1"]
[SourceVersionDate "2022.10.05"]
[SourceQuality "1"]

1. d4 d5 2. c4 e6 3. Nc3 c6 4. cxd5 exd5 5. Nf3 Nf6 6. Bg5 h6 7. Bh4 Qb6 8. Qc2 Nbd7 9. e3 Bd6 10. Bd3 0-0 11. 0-0 Re8 12. Rab1 a5 13. Rfe1 Bb4 14. a3 Bd6 15. Na4 Qa7 16. Rec1 Ne4 17. Nd2 Ndf6 18. Nc5 Bxc5 19. dxc5 Qb8 20. Bxe4 Nxe4 21. Nxe4 Rxe4 22. Bg3 Qa7 23. b3 Bd7 24. Qc3 Bf5 25. Rb2 Rae8 26. h3 a4 27. b4 Rc4 28. Qd2 Qa6 29. Kh2 Rce4 30. Rc3 Qb5 31. Ra2 R4e6 32. Ra1 Re4 33. Bf4 R8e6 34. Rac1 Re8 35. f3 R4e6 36. Qd4 g5 37. Be5 Rxe5 38. Re1 Bg6 39. g4 Qa6 40. Kg3 Qa8 41. Rf1 Qb8 42. f4 gxf4+ 43. exf4 Re2 44. Rcf3 Be4 45. R3f2 Rxf2 46. Rxf2 Re6 47. h4 Qe8 48. h5 Bh7 49. Rf3 Re1 50. Qf6 Qe6 51. Qd8+ Kg7 52. g5 Rg1+ 53. Kh2 Re1 54. gxh6+ Qxh6 55. Rg3+ Bg6 56. Qd6 Qxh5+ 57. Rh3 Re2+ 58. Kg3 Re3+ 59. Kf2 Qxh3 60. f5 Qf3+ 61. Kg1 Re1+ 62. Kh2 Rh1# 0-1

[Event "ESP-ch U14 Rapid"]
[Site "Salobrena"]
[Date "2022.07.23"]
[Round "4"]
[White "Muntal Corrales, Arnau"]
[Black "Ainsa Jimenez, Lucas"]
[Result "1-0"]
[WhiteElo "1483"]
[BlackElo "1335"]
[PlyCount "95"]
[EventDate "2022.07.23"]
[EventType "swiss (rapid)"]
[EventRounds "9"]
[EventCountry "ESP"]
[SourceTitle "EXT 2023"]
[Source "ChessBase"]
[SourceDate "2022.10.05"]
[SourceVersion "1"]
[SourceVersionDate "2022.10.05"]
[SourceQuality "1"]

1. d4 Nf6 2. c4 e6 3. Nc3 Bb4 4. a3 Bxc3+ 5. bxc3 b6 6. f3 Bb7 7. e4 d6 8. Bd3 Nbd7 9. f4 Nxe4 10. Bxe4 Bxe4 11. Nf3 Nf6 12. 0-0 h6 13. h3 0-0 14. Kh2 c5 15. Bb2 Rc8 16. Rc1 d5 17. cxd5 Nxd5 18. g3 Ne3 19. Qe2 Nxf1+ 20. Rxf1 Bb7 21. Ne5 cxd4 22. c4 Ba6 23. Qh5 Bxc4 24. Rf2 Bb3 25. Ng4 Rc2 26. Rxc2 Bxc2 27. Qe5 Qd5 28. Nxh6+ gxh6 29. Qf6 Qf5 30. Qxh6 Qg6 31. Qh4 Qh7 32. Qg4+ Bg6 33. Bxd4 Qh5 34. Qxh5 Bxh5 35. g4 Bg6 36. h4 Be4 37. Bf6 Rc8 38. h5 Rc2+ 39. Kh3 Ra2 40. Kh4 Rxa3 41. Kg5 Ra5+ 42. Kh6 Bf3 43. g5 Rf5 44. Be5 Rxe5 45. fxe5 Be4 46. g6 a5 47. Kg5 a4 48. Kf6 1-0

[Event "Barbera del Valles op 44th"]
[Site "Barbera del Valles"]
[Date "2022.07.09"]
[Round "6"]
[White "Muntal Corrales, Arnau"]
[Black "Oliver Martinez Fornes, Carlos"]
[Result "1/2-1/2"]
[WhiteElo "1816"]
[BlackElo "2098"]
[PlyCount "49"]
[EventDate "2022.07.04"]
[EventType "swiss"]
[EventRounds "9"]
[EventCountry "ESP"]
[SourceTitle "EXT 2023"]
[Source "ChessBase"]
[SourceDate "2022.10.05"]
[SourceVersion "1"]
[SourceVersionDate "2022.10.05"]
[SourceQuality "1"]

1. d4 d5 2. c4 e6 3. Nc3 Nf6 4. cxd5 exd5 5. Bg5 c6 6. Qc2 Be7 7. e3 Nbd7 8. Bd3 h6 9. Bh4 Nh5 10. Bxe7 Qxe7 11. Nge2 Nb6 12. h3 Bd7 13. a3 Nc8 14. g4 Nf6 15. Ng3 Nd6 16. 0-0-0 0-0-0 17. Rhe1 Kb8 18. Kb1 h5 19. g5 Nfe4 20. Ngxe4 dxe4 21. Nxe4 Nxe4 22. Bxe4 Bxh3 23. Rh1 Be6 24. Rdg1 g6 25. Rh4 1/2-1/2

[Event "Barbera del Valles op 44th"]
[Site "Barbera del Valles"]
[Date "2022.07.08"]
[Round "5"]
[White "Muntal Corrales, Arnau"]
[Black "Fernandez Climent, Albert"]
[Result "1/2-1/2"]
[WhiteElo "1816"]
[BlackElo "1859"]
[PlyCount "55"]
[EventDate "2022.07.04"]
[EventType "swiss"]
[EventRounds "9"]
[EventCountry "ESP"]
[SourceTitle "EXT 2023"]
[Source "ChessBase"]
[SourceDate "2022.10.05"]
[SourceVersion "1"]
[SourceVersionDate "2022.10.05"]
[SourceQuality "1"]

1. d4 Nf6 2. c4 a6 3. Nc3 c5 4. dxc5 e6 5. Bg5 Bxc5 6. e3 0-0 7. Bd3 Be7 8. Nf3 b6 9. 0-0 Bb7 10. e4 d6 11. Qe2 Nbd7 12. Rfd1 Qc7 13. Rac1 Rac8 14. b3 Qb8 15. Nd4 Bd8 16. Bb1 Bc7 17. f4 Rfe8 18. Nc2 Qa8 19. Ne1 Qb8 20. Nd3 b5 21. cxb5 axb5 22. b4 e5 23. f5 Bb6+ 24. Nf2 Bd4 25. Nxb5 Nxe4 26. Bxe4 Bxe4 27. Rxc8 Rxc8 28. Nxd4 1/2-1/2

[Event "Barcelona Sant Marti op-B 21st"]
[Site "Barcelona"]
[Date "2019.07.21"]
[Round "9"]
[White "Pinyol I Llora, Julia"]
[Black "Muntal Corrales, Arnau"]
[Result "0-1"]
[WhiteElo "1505"]
[BlackElo "1693"]
[PlyCount "138"]
[EventDate "2019.07.13"]
[EventType "swiss"]
[EventRounds "9"]
[EventCountry "ESP"]
[SourceTitle "EXT 2020"]
[Source "ChessBase"]
[SourceDate "2019.10.17"]
[SourceVersion "1"]
[SourceVersionDate "2019.10.17"]
[SourceQuality "1"]

1. d4 Nf6 2. c4 c5 3. d5 e6 4. Nc3 exd5 5. cxd5 d6 6. e4 g6 7. Nf3 Bg7 8. Bd3 0-0 9. 0-0 Bg4 10. h3 Bxf3 11. Qxf3 a6 12. a4 Nbd7 13. Qe2 Re8 14. Be3 Ne5 15. Bc2 Rb8 16. f4 Nh5 17. fxe5 Ng3 18. Qf3 Nxf1 19. Rxf1 Bxe5 20. Qxf7+ Kh8 21. Qf3 Qe7 22. Bh6 Qh4 23. Qd3 Qxh6 24. Bd1 Rf8 25. Rf3 Rxf3 26. Bxf3 Qc1+ 27. Nd1 Bxb2 28. Kf2 Bd4+ 29. Ke2 b5 30. a5 Qc4 31. Ne3 Qxd3+ 32. Kxd3 Bxe3 33. Kxe3 b4 34. Be2 b3 35. Bd3 b2 36. Bb1 Kg7 37. h4 h6 38. g4 g5 39. hxg5 hxg5 40. Kd3 Kf6 41. Kc3 Ke5 42. Kd3 Rb5 43. Kc4 Rxa5 44. Kb3 Ra1 45. Kxb2 Rxb1+ 46. Kxb1 Kxe4 47. Kc2 Kxd5 48. Kc3 c4 49. Kc2 Kd4 50. Kd2 c3+ 51. Kc2 Kc4 52. Kd1 Kb3 53. Kc1 c2 54. Kd2 c1Q+ 55. Kxc1 a5 56. Kb1 d5 57. Ka1 d4 58. Kb1 d3 59. Kc1 Kc3 60. Kd1 d2 61. Ke2 Kc2 62. Kf3 d1Q+ 63. Kg3 Qd3+ 64. Kh2 Qf3 65. Kg1 Qe2 66. Kh1 Kd2 67. Kg1 Ke3 68. Kh1 Kf3 69. Kg1 Qg2# 0-1

[Event "Llinars del Valles op-A 13th"]
[Site "Llinars del Valles"]
[Date "2019.06.15"]
[Round "8"]
[White "Deulonder Camins, Xavier"]
[Black "Muntal Corrales, Arnau"]
[Result "1-0"]
[WhiteElo "1905"]
[BlackElo "1553"]
[PlyCount "71"]
[EventDate "2019.03.30"]
[EventType "swiss"]
[EventRounds "8"]
[EventCountry "ESP"]
[SourceTitle "EXT 2020"]
[Source "ChessBase"]
[SourceDate "2019.10.17"]
[SourceVersion "1"]
[SourceVersionDate "2019.10.17"]
[SourceQuality "1"]

1. e4 c5 2. Nf3 e6 3. Nc3 a6 4. d4 cxd4 5. Nxd4 Qc7 6. Bd3 Nc6 7. Nf3 Nf6 8. 0-0 h6 9. Re1 Bc5 10. h3 d6 11. Qe2 b5 12. a3 Bb7 13. Be3 Bxe3 14. Qxe3 e5 15. Ne2 0-0 16. Ng3 d5 17. exd5 Nxd5 18. Qe4 Nf6 19. Qh4 Rfe8 20. Ne4 Nxe4 21. Qxe4 g6 22. Qh4 Kg7 23. Qg3 Rac8 24. Re2 Kh7 25. Rae1 Qa5 26. h4 h5 27. Ng5+ Kg7 28. Nxf7 Re6 29. Ng5 Rf6 30. Ne4 Rf4 31. Nd6 Nd4 32. Qxg6+ Kf8 33. Qh6+ Kg8 34. Bh7+ Kh8 35. Bf5+ Kg8 36. Qg6+ 1-0

[Event "Llinars del Valles op-B 12th"]
[Site "Llinars del Valles"]
[Date "2018.05.26"]
[Round "6.5"]
[White "Guerrero Prieto, Arnau"]
[Black "Muntal Corrales, Arnau"]
[Result "0-1"]
[WhiteElo "1560"]
[BlackElo "1371"]
[PlyCount "86"]
[EventDate "2018.04.14"]
[EventType "swiss"]
[EventRounds "8"]
[EventCountry "ESP"]
[SourceTitle "CBM 184 Extra"]
[Source "ChessBase"]
[SourceDate "2018.06.28"]
[SourceVersion "1"]
[SourceVersionDate "2018.06.28"]
[SourceQuality "1"]

1. e4 c5 2. Nf3 e6 3. d4 cxd4 4. Nxd4 a6 5. Nc3 Qc7 6. Be3 Bb4 7. Qd2 Nf6 8. Bd3 Nc6 9. 0-0 0-0 10. a3 Ng4 11. Bf4 Bxc3 12. bxc3 d6 13. Bg3 b5 14. Nb3 e5 15. Rfd1 Nf6 16. Qe2 Bg4 17. f3 Be6 18. c4 bxc4 19. Bxc4 Nd4 20. Rxd4 exd4 21. Bxe6 fxe6 22. Nxd4 Qc5 23. Bf2 Qe5 24. Rd1 Rfe8 25. Qc4 d5 26. Qc5 Nd7 27. Qc6 Ra7 28. Nb3 Rc7 29. Qa4 Qc3 30. Nd4 Qc4 31. Qa5 Rc5 32. Qd2 dxe4 33. Nb3 Rd5 34. Nd4 e5 35. fxe4 Rd6 36. Rb1 exd4 37. Bg3 Rf6 38. Qg5 Ref8 39. h3 Rg6 40. Qh4 Qxc2 41. Rb7 Nf6 42. Re7 d3 43. Be5 Qxg2# 0-1